LEADER 01574nam a2200313 u 4500 001 000000016603 003 CaOOAMICUS 005 20201112104350.0 008 940513s1988 vc u000 u eng r 020 $a88-210-0570-4 032 $aLibriCat 035 $a10388394 040 $aPUL$bita 041 0 $aita$aeng$adui$afra$aspa 111 2 $aInternational Congress of Medieval Canon Law$n(7th :$d1984 :$cCambridge, Mass.).$0(OLS)http://pul/name/15076 245 10$aProceeding of the seventh International Congress of Medieval Canon Law :$bCambridge, 23-27 july 1984 /$cedited by Peter Linehan. 260 $aCittą del Vaticano :$bBiblioteca Apostolica Vaticana,$c1988. 300 $axvi, 514 p. :$btav. color. (facs.) ;$c26 cm 490 1 $aMonumenta iuris canonici.$aSeries C, Subsidia ;$v8 650 4$aDiritto canonico medievale$xCongressi.$0(OLS)http://pul/subject/7869 700 1 $aLinehan, Peter.$0(OLS)http://pul/name/14833 830 0$aMonumenta iuris canonici.$nSeries C,$pSubsidia ;$v8.$0(OLS)http://pul/title/13985 850 $aPUL 852 $aPUL$W1$xSL Diritto Canonico 3$y77$m262. 99 CAN.7 5.8$j23372$nBK-PRI$b $qDDC 21$B23372$CPULBib$Z2$F23372 $H62128 $82 941 1 $a9 996 $6020$a88-210-0570-4$9(OLS)http://pul/number/12584 996 $6245$aProceeding of the seventh International Congress of Medieval Canon Law :$bCambridge, 23-27 july 1984$9(OLS)http://pul/title/23693 996 $6260$aCittą del Vaticano :$bBiblioteca Apostolica Vaticana$9(OLS)http://pul/publisher/48729 LEADER 01080nam a2200277 u 4500 001 000000047575 003 CaOOAMICUS 005 20070226114911.0 008 991130s1996 it u000 u ita u 020 $a8845219933 035 $a10836542 040 $aPUL$bita 100 1 $aBarthes, Roland,$d1915-1980.$0(OLS)http://pul/name/30718 245 13$aLa retorica antica /$cRoland Barthes. 260 $aMilano :$bBompiani,$c1996. 300 $a117 p. ;$c20 cm 490 1 $aSaggi tascabili (Bompiani) ;$v18 504 $aContiene bibliografia in nota. 650 4$aRetorica antica.$0(OLS)http://pul/subject/759 830 0$aSaggi tascabili (Bompiani) ;$v18.$0(OLS)http://pul/title/47676 850 $aPUL 852 $aPUL$W1$xDP1 Cons. Gen., Altre Classi 1$y22$m845 L 46$j63551$nBK-PRI$b $qStampati$B63551$CPULBib$Z2$F63551 $H $81 941 1 $a8 996 $6020$a8845219933$9(OLS)http://pul/number/59472 996 $6245$aLa retorica antica$9(OLS)http://pul/title/64058 996 $6260$aMilano :$bBompiani$9(OLS)http://pul/publisher/48240